000 00520nam a2200169 a 4500
001 000034862
005 20200930073941.0
008 111020s1965 fr b 000 0 fre d
040 _aDO-SdBNP
_bspa
_cBNPHU
082 _axxxx
_bD718t
100 1 _aDorsinville, Roger
_960396
245 1 0 _aToussaint Louverture ou La vocation de la liberté /
_cRoger Dorsinville.
260 _aParis :
_bRene Julliard,
_c1965.
300 _a267 p. :
_bmapa ;
_c20 cm.
490 1 _aLes temps modernes
830 0 _aLes temps modernes
_960397
999 _c34353
_d34353